Diccionario de los símbolos / (Record no. 56392)

MARC details
000 -LEADER
campo de control de longitud fija 00841nam a2200229 i 4500
001 - NÚMERO DE CONTROL
campo de control 56392
003 - IDENTIFICADOR DE NÚMERO DE CONTROL
campo de control ES-MaACL
007 - CAMPO FIJO DE DESCRIPCIÓN FÍSICA--INFORMACIÓN GENERAL
campo de control de longitud fija t|
008 - DATOS DE LONGITUD FIJA--INFORMACIÓN GENERAL
campo de control de longitud fija 031008s1986 sp ||||1| spa d
020 ## - NÚMERO INTERNACIONAL ESTÁNDAR DEL LIBRO
Número Internacional Estándar del Libro 84-254-1514-4
245 00 - MENCIÓN DEL TÍTULO
Título Diccionario de los símbolos /
Mención de responsabilidad, etc. bajo la dirección de Jean Chevalier ; con la colaboración de Alain Gheerbrant ; versión castellana de Manuel Silvar y Arturo Rodríguez ; adaptada y completada por José Olives Puig.
260 ## - PUBLICACIÓN, DISTRIBUCIÓN, ETC.
Lugar de publicación, distribución, etc. Barcelona :
Nombre del editor, distribuidor, etc. Herder,
Fecha de publicación, distribución, etc. 1986.
300 ## - DESCRIPCIÓN FÍSICA
Extensión 1107 p. :
Otras características físicas il. ;
Dimensiones 25 cm.
504 ## - NOTA DE BIBLIOGRAFÍA, ETC.
Nota de bibliografía, etc. Bibliografía.
700 0# - ENTRADA AGREGADA--NOMBRE PERSONAL
Nombre de persona Chevalier, Jean,
Fechas asociadas al nombre 1906-1993
9 (RLIN) 38414
700 1# - ENTRADA AGREGADA--NOMBRE PERSONAL
Nombre de persona Gheerbrant, Alain.
9 (RLIN) 56552
700 1# - ENTRADA AGREGADA--NOMBRE PERSONAL
Nombre de persona Silvar, Manuel.
9 (RLIN) 106418
700 1# - ENTRADA AGREGADA--NOMBRE PERSONAL
Nombre de persona Rodríguez, Arturo.
9 (RLIN) 98215
700 1# - ENTRADA AGREGADA--NOMBRE PERSONAL
Nombre de persona Olives Puig, José.
9 (RLIN) 86880
852 ## - LOCALIZACIÓN
Ubicación ES-MaACL
Número de control de estantería L-9590
Sublocalización o colección R.111929
Holdings
Estatus retirado Estado de pérdida Estado de daño No para préstamo Colección Biblioteca de origen Biblioteca actual Ubicación en estantería Fecha de adquisición Fuente de adquisición Total de préstamos Signatura topográfica completa Código de barras Visto por última vez Precio de reemplazo Tipo de ítem Koha
        Colección de referencia Biblioteca del Ateneo de Madrid Biblioteca del Ateneo de Madrid Depósito 2 17/01/2008     L-9590 1059230 23/02/2023 23/02/2023 Libro impreso